What Song are they Singing? Glee Edition - Statistics

General Stats
  • This quiz has been taken 327 times
  • The average score is 11 of 16
Answer Stats
Picture Answer % Correct
Smooth Criminal
91%
Valerie
87%
Born This Way
84%
Don't Stop Believing
83%
Bohemian Rhapsody
78%
Push It
78%
Marry You
74%
Dream On
73%
Bust Your Windows
66%
Rumor Has It / Someone Like You
60%
4 Minutes
59%
Slave 4 U
54%
Proud Mary
53%
I Say A Little Prayer
52%
Somebody To Love
48%
It's Not Unusual
33%
No matching quizzes found
Score Distribution
Percent of People with Each Score
Percentile by Number Answered
Your Score History
You have not taken this quiz